| 000 | 00385 a2200133 4500 | ||
|---|---|---|---|
| 001 | 92200 | ||
| 082 | _aPR 2471 | ||
| 090 |
_c44159 _d44158 |
||
| 100 | _aAhmed Qayyum; Dr. Farooq Bin Akram and Muhammad Ayaz (Advisors) | ||
| 245 |
_aMulti Disciplinary Design Optimization of an Aircraft _n77 "A" EC |
||
| 260 |
_aIslamabad _bNUST _c2014 |
||
| 300 | _a95p. | ||
| 500 | _aBE Project Report | ||
| 942 |
_aCAE NUST _kPR 2471 |
||
| 999 |
_c327273 _d327273 |
||